000
00331nam a2200145Ia 4500
008
200103s9999||||xx |||||||||||||| ||und||
020
_a
0115120300,
040
_a
IMU-MPC
082
_a
Column-8
100
_a
HMSO
245
0
_a
Survey of lights and signalling equipment
260
_b
HMSO
_c
1977
300
_a
iv, 40
942
_c
BK
999
_c
4005
_d
4005